Mining waste directive 2006/21/EC (Record no. 112474)
[ view plain ]
| 000 -LEADER | |
|---|---|
| fixed length control field | 01350cad a22002415a 4500 |
| 001 - CONTROL NUMBER | |
| control field | L153338 |
| 008 - FIXED-LENGTH DATA ELEMENTS--GENERAL INFORMATION | |
| fixed length control field | 110712s2011 xxk 000 0 eng d |
| 020 ## - INTERNATIONAL STANDARD BOOK NUMBER | |
| International Standard Book Number | 9781842197011 |
| 035 ## - SYSTEM CONTROL NUMBER | |
| System control number | (Sirsi) u153338 |
| 041 0# - LANGUAGE CODE | |
| Language code of text/sound track or separate title | eng |
| 050 04 - LIBRARY OF CONGRESS CALL NUMBER | |
| Classification number | 622.0687 $2 20 |
| 110 2# - MAIN ENTRY--CORPORATE NAME | |
| Corporate name or jurisdiction name as entry element | Royal Institution of Chartered Surveyors |
| 9 (RLIN) | 4900 |
| 245 00 - TITLE STATEMENT | |
| Title | Mining waste directive 2006/21/EC |
| Medium | [electronic resource] |
| 260 ## - PUBLICATION, DISTRIBUTION, ETC. | |
| Place of publication, distribution, etc. | Coventry |
| Name of publisher, distributor, etc. | RICS |
| Date of publication, distribution, etc. | 2011 |
| 490 ## - SERIES STATEMENT | |
| Series statement | RICS Information Paper |
| Volume/sequential designation | (IP 21/2011) |
| 520 ## - SUMMARY, ETC. | |
| Summary, etc. | This information paper considers how the Mining Waste Directive (MWD) applies to the management of extractive waste from land-based extractive industries and the relevant regulatory procedures required for England and Wales under the Environmental Permitting (England and Wales) Regulations 2010. It explains the general application of the MWD in England and Wales,and provides references to supporting guidance provided by bodies such as the Environment Agency and the CBI Minerals Group. |
| 520 ## - SUMMARY, ETC. | |
| Summary, etc. | OUT OF DATE ARCHIVED 23 DECEMBER 2016 |
| 590 ## - LOCAL NOTE (RLIN) | |
| Local note | KA NTK |
| 651 #4 - SUBJECT ADDED ENTRY--GEOGRAPHIC NAME | |
| Geographic name | England and Wales |
| Chronological subdivision | 1543- |
| 690 ## - LOCAL SUBJECT ADDED ENTRY--TOPICAL TERM (OCLC, RLIN) | |
| Topical term or geographic name as entry element | ENVIRONMENTAL AND LAND CONSULTANCY-WASTE MANAGEMENT |
| 856 40 - ELECTRONIC LOCATION AND ACCESS | |
| Uniform Resource Identifier | <a href="https://www.rics.org/Global/Mining_Waste_Directive_2006-21-EC_1st_edition_PGguidance_2011.pdf">https://www.rics.org/Global/Mining_Waste_Directive_2006-21-EC_1st_edition_PGguidance_2011.pdf</a> |
| Public note | View the item free of charge (members only) at www.rics.org |
| 942 ## - ADDED ENTRY ELEMENTS (KOHA) | |
| Suppress in OPAC | 0 |
| Withdrawn status | Lost status | Source of classification or shelving scheme | Damaged status | Not for loan | Home library | Current library | Shelving location | Date acquired | Total Checkouts | Full call number | Barcode | Date last seen | Copy number | Price effective from | Koha item type |
|---|---|---|---|---|---|---|---|---|---|---|---|---|---|---|---|
| Missing from bundle | Archives | Archives | Archive copy | 03/08/2011 | RICS 2011/33 | 30075821 | 06/08/2019 | 1 | 06/08/2019 | Book | |||||
| Missing from bundle | London | London | Books | 03/08/2011 | RICS 2011/33 | 30075813 | 06/08/2019 | 2 | 06/08/2019 | Book | |||||
| Missing from bundle | London | London | Books | 03/08/2011 | RICS 2011/33 | 30075817 | 06/08/2019 | 3 | 06/08/2019 | Book | |||||
| Dewey Decimal Classification | Virtual | Virtual | Online | 12/07/2011 | ONLINE PUBLICATION | 153338-2001 | 06/08/2019 | 1 | 06/08/2019 | Book |